000 00615nam a22001697a 4500
999 _c20848
_d20848
003 OSt
005 20240822153904.0
008 240822b ||||| |||| 00| 0 eng d
040 _c0
082 _aDPer 510.5 Am351 June-August vol.141 no. 3-4
100 _aCascini, Paolo.
_eauthor.
_958891
245 _aPurely log terminal threefolds with non-normal centres in characteristic two /
_cPaolo Cascini, and Hiromu tanaka.
260 _aBaltimore, Maryland U.S.;
_bJohns Hopkins University Press,
_cJune 2019.
300 _avolume 141, pages 941-979.
700 _aCascini, Paolo.
_eauthor.
_958891
942 _2ddc
_cPER